Clash of clans héros en images ! - Statistiques

Statistiques générales
  • Ce quiz a été pris 48 fois
  • Le résultat moyen est 4 sur 5
Statistiques - réponses
Par images Réponse % Correct
Reine des archères
95%
Roi des barbares
95%
Grand gardien
93%
Championne Royale
84%
Prince gargouille
59%
Aucun quiz correspondant
Distribution des résultats
% des personnes avec chaque résultat
Percentile par nombre de réponses
Votre historique - résultats
Vous n’avez pas pris ce quiz